| 000 | 00389nam a2200157Ia 4500 | ||
|---|---|---|---|
| 008 | 230917s9999||||xx |||||||||||||| ||und|| | ||
| 040 |
_e86472 _aMAIN |
||
| 041 | _aEnglish | ||
| 082 | _a005.74 D262I | ||
| 100 | _aDate, C J | ||
| 245 | 0 | _aIntroduction to database systems | |
| 250 | _a7th ed. | ||
| 260 |
_aSingapore _bPearson Education _c2002 |
||
| 300 | _axxii, 938 p. | ||
| 942 | _cBK | ||
| 999 |
_c105201 _d105201 |
||